Tragic Tales From Jangalmahal/ (Record no. 190661)

MARC details
000 -LEADER
fixed length control field 00542nam a22001817a 4500
005 - DATE AND TIME OF LATEST TRANSACTION
control field 20220802113139.0
010 ## - LCCN (DPL NO)
LC control number ENG-134151
020 ## - INTERNATIONAL STANDARD BOOK NUMBER
International Standard Book Number 9788185800472
Terms of availability 150.00
035 ## - SYSTEM CONTROL NUMBER
System control number EN-117683
037 ## - SOURCE OF ACQUISITION
Source of stock number/acquisition DBAB/PUB
082 ## - DEWEY DECIMAL CLASSIFICATION NUMBER
Classification number 345.5415
100 ## - MAIN ENTRY--PERSONAL NAME
Personal name Roy, Pradip Kumar
245 ## - TITLE STATEMENT
Title Tragic Tales From Jangalmahal/
Statement of responsibility, etc Pradip Kumar Roy
260 ## - PUBLICATION, DISTRIBUTION, ETC. (IMPRINT)
Place of publication, distribution, etc Kolkata
Name of publisher, distributor, etc Sankar Mondal
Date of publication, distribution, etc 2011
270 ## - ADDRESS
Address 209A Bidhan Sarani
City Kolkata
Electronic mail address deep_prakashan@hotmail.com
Postal code 700006
300 ## - PHYSICAL DESCRIPTION
Extent 90p.
Dimensions 22cm(hb)
942 ## - ADDED ENTRY ELEMENTS (KOHA)
Source of classification or shelving scheme Dewey Decimal Classification
Item type English Books
Classification part 345.5415
Call number suffix ROY
Holdings
Withdrawn status Lost status Not for loan Collection code Home library Current library Date acquired Source of acquisition Cost, normal purchase price Full call number Barcode Copy number Cost, replacement price Koha item type
      Non-fiction Bawana Bawana 02/08/2022 DBAD/PUB 150.00 345.5415 ROY EN-117683 1 150.00 English Books

© Delhi Public Library
Hit Counter
free hit counter